Normal view
MARC view
Entry Personal Name
001 - CONTROL NUMBER
- control field: 156576
003 - CONTROL NUMBER IDENTIFIER
- control field: OSt
005 - DATE AND TIME OF LATEST TRANSACTION
- control field: 20220923210948.0
008 - FIXED-LENGTH DATA ELEMENTS
- fixed length control field: 220923|| aca||aabn | a|a d
040 ## - CATALOGING SOURCE
- Original cataloging agency: OSt
- Transcribing agency: OSt
100 ## - HEADING--PERSONAL NAME
- Personal name: ਵਿਰਕ, ਕੁਲਵੰਤ ਸਿੰਘ; ਅਜੀਤ ਕੌਰ, ਙਠ
670 ## - SOURCE DATA FOUND
- Source citation: Work cat.: (OSt)293207: ਵਿਰਕ, ਕੁਲਵੰਤ ਸਿੰਘ; ਅਜੀਤ ਕੌਰ, ਙਠ., ਕੁਲਵੰਤ ਸਿੰਘ ਵਿਰਕ ਦੀਆਂ ਚੋਣਵੀਆਂ ਕਹਾਣੀਆਂ, 1998
